000 00860cad a22002055a 4500
001 E154905
008 120131s2012 xxk f 000 0 eng d
020 _a9781780456362
035 _a(Sirsi) u154905
041 0 _aeng
110 2 _aScotland
_bScottish Government
_95344
245 0 0 _aScottish Government consultation on the European Commission's proposals for the future CAP 2014-2020
_h[electronic resource]
260 _aEdinburgh
_bScottish Government
_c2012
520 _aSeeks views on the European Commission's draft regulations on the future Common Agricultural Policy, from 2014-2020. Deadline for comments is 24 April 2012.
590 _aKA
651 4 _aScotland
_y1999-
690 _aRural
_96268
856 4 0 _uhttps://www.scotland.gov.uk/Publications/2012/01/7299/0
_zView the consultation free of charge at www.scotland.gov.uk
942 _n0
999 _c113225
_d113225